Catálogo

ASPECTOS CUALITATIVOS DE LA PLANIFICACION EDUCATIVA (Registro nro. 37203)

Detalles MARC
000 -LEADER
fixed length control field 00483nam a2200169 a 4500
001 - CONTROL NUMBER
control field 37203
005 - DATE AND TIME OF LATEST TRANSACTION
control field 20180714010045.0
008 - FIXED-LENGTH DATA ELEMENTS--GENERAL INFORMATION
fixed length control field 140415s1969 mx 000 0 spa d
041 ## - LANGUAGE CODE
Language code of text/sound track or separate title spa
082 ## - DEWEY DECIMAL CLASSIFICATION NUMBER
Classification number 371.2
Item number BEE
100 1# - MAIN ENTRY--PERSONAL NAME
Personal name BEEBY, C. E.
245 10 - TITLE STATEMENT
Title ASPECTOS CUALITATIVOS DE LA PLANIFICACION EDUCATIVA
260 ## - PUBLICATION, DISTRIBUTION, ETC.
Place of publication, distribution, etc. MEXICO :
Name of publisher, distributor, etc. AVANTE,
Date of publication, distribution, etc. 1969
300 ## - PHYSICAL DESCRIPTION
Extent 315
650 14 - SUBJECT ADDED ENTRY--TOPICAL TERM
Topical term or geographic name entry element EDUCACION
General subdivision ADMINISTRACION
-- PLANIFICACION
700 1# - ADDED ENTRY--PERSONAL NAME
Personal name ARELLANO ALATRISTE, IRMA
Relator term tr.
Existencias
Withdrawn status Lost status Source of classification or shelving scheme Damaged status Not for loan Collection code Home library Current library Shelving location Date acquired Source of acquisition Inventory number Total Checkouts Full call number Barcode Date last seen Price effective from Koha item type
    Dewey Decimal Classification     General Biblioteca Karol Wojtyla Biblioteca Karol Wojtyla Sala general 03/12/2013 Compra 151000000000000000042782   371.2 BEE 55970 05/01/2026 03/12/2013 Libro